|
|
|
|
| LEADER |
00608nam a2200145Ia 4500 |
| 008 |
161229s9999 xx 000 0 und d |
| 020 |
|
|
|a 8170362075
|
| 082 |
|
|
|a 331.2 RAM/AP
|
| 100 |
|
|
|a Rama Murthy Kuppachi
|
| 245 |
|
|
|a Appropriate remuneration in developing countries: three-dimensional models for executives and workers
|
| 260 |
|
|
|b Sage Publications
|a New Delhi
|c 1990
|
| 300 |
|
|
|a 262
|
| 942 |
|
|
|c BK
|
| 999 |
|
|
|c 152620
|d 152620
|
| 952 |
|
|
|0 0
|1 0
|4 0
|6 331_200000000000000_RAMAP
|7 0
|9 151685
|a KAUCLV
|b KAUCLV
|d 2016-12-29
|g 225.00
|o 331.2 RAM/AP
|p 903929
|r 2016-12-29
|w 2016-12-29
|y BK
|z Book transferred from CCBM Library ,Acc.No:2955
|